000 01039nmm a2200313 a 4500
001 ocm000924478
003 TR-IsHL
005 20201028145230.0
008 150110s2013 tu tur
007 cr cn
020 _a9786055904623
035 _a924478
_b(N$T)
050 0 4 _aBD241
_b.Ö95 2013
090 0 4 _aBD241
_b.Ö95 2013
100 1 _aÖzlem, Doğan
245 1 0 _aMetinlerle hermeneutik dersleri II
_h[electronic resource] /
_cDoğan Özlem ; editör Kaan Özkan
260 _aİstanbul :
_bNotos Kitap Yayınevi,
_c2013
300 _a425 p.
500 _aKaynakça ve Dizin var.
_x
650 4 _aFelsefe, Psikoloji ve Din
650 4 _aPhilosophy, Psychology and Religion
650 0 _aHermeneutik
_x Çalışma ve öğretim
650 0 _aHermeneutics
_x Study and teaching
650 0 _aYorumlama
650 0 _aHermeneutics
650 7 _aPHILOSOPHY / Hermeneutics
_2bisacsh
700 1 _aÖzkan, Kaan
856 4 0 _uhttp://search.ebscohost.com/login.aspx?direct=true&scope=site&db=e011xww&AN=924478
999 _c9847
_d9847